Armageddon averted : (Record no. 542)

000 -LEADER
fixed length control field 01537nam a22004217a 4500
001 - CONTROL NUMBER
control field 12589041
003 - CONTROL NUMBER IDENTIFIER
control field OSt
005 - DATE AND TIME OF LATEST TRANSACTION
control field 20210420074045.0
008 - FIXED-LENGTH DATA ELEMENTS--GENERAL INFORMATION
fixed length control field 011114s2001 enkabc 001 0 eng
010 ## - LIBRARY OF CONGRESS CONTROL NUMBER
LC control number 2001275919
015 ## - NATIONAL BIBLIOGRAPHY NUMBER
National bibliography number GBA1-X5210
020 ## - INTERNATIONAL STANDARD BOOK NUMBER
International Standard Book Number 0192802453
035 ## - SYSTEM CONTROL NUMBER
System control number (OCoLC)ocm47063359
040 ## - CATALOGING SOURCE
Original cataloging agency UKM
Transcribing agency UKM
Modifying agency OCLCQ
-- C#P
-- DLC
Language of cataloging eng
041 ## - LANGUAGE CODE
Language code of text/sound track or separate title eng
042 ## - AUTHENTICATION CODE
Authentication code lccopycat
050 00 - LIBRARY OF CONGRESS CALL NUMBER
Classification number DK274
Item number .K635 2001
080 ## - UNIVERSAL DECIMAL CLASSIFICATION NUMBER
Universal Decimal Classification number 94
Item number K-77
082 00 - DEWEY DECIMAL CLASSIFICATION NUMBER
Classification number 947.085
Edition number 21
100 1# - MAIN ENTRY--PERSONAL NAME
Personal name Kotkin, Stephen.
245 10 - TITLE STATEMENT
Title Armageddon averted :
Remainder of title the Soviet collapse, 1970-2000 /
Statement of responsibility, etc. Stephen Kotkin.
260 ## - PUBLICATION, DISTRIBUTION, ETC.
Place of publication, distribution, etc. Oxford :
Name of publisher, distributor, etc. Oxford University Press,
Date of publication, distribution, etc. 2001.
300 ## - PHYSICAL DESCRIPTION
Extent xvii, 245 p., [16] p. of plates :
Other physical details ill., maps, ports. ;
Dimensions 20 cm.
365 ## - TRADE PRICE
Price amount 25 usd
504 ## - BIBLIOGRAPHY, ETC. NOTE
Bibliography, etc. note Includes bibliographical references and index.
650 #0 - SUBJECT ADDED ENTRY--TOPICAL TERM
Topical term or geographic name entry element Communism
Geographic subdivision Soviet Union
General subdivision History.
650 #0 - SUBJECT ADDED ENTRY--TOPICAL TERM
Topical term or geographic name entry element History
9 (RLIN) 252
651 #0 - SUBJECT ADDED ENTRY--GEOGRAPHIC NAME
Geographic name Soviet Union
General subdivision History
Chronological subdivision 1953-1985.
651 #0 - SUBJECT ADDED ENTRY--GEOGRAPHIC NAME
Geographic name Soviet Union
General subdivision History
Chronological subdivision 1985-1991.
653 ## - INDEX TERM--UNCONTROLLED
Uncontrolled term ისტორია
653 ## - INDEX TERM--UNCONTROLLED
Uncontrolled term საბჭოთა კავშირი
653 ## - INDEX TERM--UNCONTROLLED
Uncontrolled term კომუნიზმი
856 42 - ELECTRONIC LOCATION AND ACCESS
Materials specified Publisher description
Uniform Resource Identifier <a href="http://www.loc.gov/catdir/enhancements/fy0639/2001275919-d.html">http://www.loc.gov/catdir/enhancements/fy0639/2001275919-d.html</a>
856 42 - ELECTRONIC LOCATION AND ACCESS
Materials specified Contributor biographical information
Uniform Resource Identifier <a href="http://www.loc.gov/catdir/enhancements/fy0725/2001275919-b.html">http://www.loc.gov/catdir/enhancements/fy0725/2001275919-b.html</a>
906 ## - LOCAL DATA ELEMENT F, LDF (RLIN)
a 7
b cbc
c copycat
d 2
e ncip
f 20
g y-gencatlg
942 ## - ADDED ENTRY ELEMENTS (KOHA)
Source of classification or shelving scheme
Koha item type Books
Holdings
Withdrawn status Lost status Source of classification or shelving scheme Damaged status Not for loan Permanent location Current location Date acquired Inventory number Total Checkouts Full call number Barcode Date last seen Price effective from Koha item type
          Ken Walker International University Ken Walker International University 12/02/2020 792   94 K-77 792 12/02/2020 12/02/2020 Books

Powered by Koha